000
00300nam a22001337a 4500
008
170608b xxu||||| |||| 00| 0 eng d
020
_a
2900618918071
041
_a
eng
080
_2
5TH
_a
32
100
_a
18
101
_a
SHP
245
_a
AMERICAN FOREIGN POLICY
_c
IKENBERRY,G.J
942
_2
udc
_c
BK
999
_c
16423
_d
16423